000 00688cam a2200253 4500500
005 20260329002925.0
041 _afre
042 _adc
100 1 0 _aGarnier, Philippe
_eauthor
245 0 0 _aBestiaire philozoophique
260 _c2014.
500 _a52
690 _aAnimaux
690 _aBestiaire
690 _aBête
690 _aDiogène
690 _aGilles Deleuze
690 _aMontaigne
690 _aNietzsche
690 _aRousseau
690 _aSchopenhauer
786 0 _nPhilosophie magazine | 77 | 3 | 2014-03-01 | p. 40-40 | 1951-1787
856 4 1 _uhttps://shs.cairn.info/magazine-philosophie-magazine-2014-3-page-40?lang=fr&redirect-ssocas=7080
999 _c1819701
_d1819701